10 Spiritual Benefits of Painful Situations/ (Record no. 216633)

MARC details
000 -LEADER
fixed length control field 00700nam a22002057a 4500
005 - DATE AND TIME OF LATEST TRANSACTION
control field 20260612164234.0
010 ## - LCCN (DPL NO)
LC control number ENG-148826
020 ## - INTERNATIONAL STANDARD BOOK NUMBER
Terms of availability 200.00
International Standard Book Number 9789391399801
035 ## - SYSTEM CONTROL NUMBER
System control number EN-132358
037 ## - SOURCE OF ACQUISITION
Source of stock number/acquisition DBAD
082 ## - DEWEY DECIMAL CLASSIFICATION NUMBER
Classification number 248.86
Edition number 1
100 ## - MAIN ENTRY--PERSONAL NAME
Personal name Silva, Vinay
245 ## - TITLE STATEMENT
Title 10 Spiritual Benefits of Painful Situations/
Statement of responsibility, etc Vinay Silva
250 ## - EDITION STATEMENT
Edition statement 1
260 ## - PUBLICATION, DISTRIBUTION, ETC. (IMPRINT)
Name of publisher, distributor, etc ATC Publishers
Place of publication, distribution, etc Bengaluru
Date of publication, distribution, etc 2023
270 ## - ADDRESS
Address St's Mary Block, Archdiocesan,Pastoral Center,#5, Nandidurga Road,Benson Town
City Bengaluru
Postal code 560046
Telephone number +918025491999
-- 7090100444
Electronic mail address info@atcpublishers.com
300 ## - PHYSICAL DESCRIPTION
Extent 168p.
Dimensions 21cm(pb)
500 ## - GENERAL NOTE
General note Gaining the Most From Your Suffering
942 ## - ADDED ENTRY ELEMENTS (KOHA)
Source of classification or shelving scheme Dewey Decimal Classification
Item type English Books
Classification part 248.86
Call number suffix SIL
Holdings
Withdrawn status Lost status Not for loan Collection code Home library Current library Date acquired Source of acquisition Cost, normal purchase price Full call number Barcode Copy number Cost, replacement price Koha item type
    Not For Loan Non-fiction D.B.Act.Division D.B.Act.Division 12/06/2026 Delivery of Books Act Division 200.00 248.86 SIL EN-132358 1 200.00 English Books

© Delhi Public Library
Hit Counter
free hit counter